Name the College Football Team: SWAC - Statistics

General Stats
  • This quiz has been taken 38 times
    29 since last reset
  • The average score is 9 of 12
Answer Stats
Picture Answer % Correct
Alabama A&M
92%
Grambling
92%
Jackson State
92%
Southern
92%
Florida A&M
88%
Prairie View A&M
84%
Texas Southern
84%
Bethune-Cookman
76%
Arkansas-Pine Bluff
60%
Alabama State
56%
Mississippi Valley State
52%
Alcorn State
16%
No matching quizzes found
Score Distribution
Percent of People with Each Score
Percentile by Number Answered
Your Score History
You have not taken this quiz since the last reset